000 00685nam a2200241Ia 4500
003 OSt
005 20220918204125.0
006 a|||||r|||| 00| 0
007 ta
008 220917b |||||||| |||| 00| 0 eng d
024 _a111,101
037 _cTextual
040 _aARTS
_cARTS
_beng
041 _2eng
_aeng
082 _aV498, K0
100 _aNorbu Thubten Jigme
_979575
245 0 _aTibet is my country tr from the German by Edward Fitzgerald
260 _aLondon
_bRupert Hart Dam
_c1960
650 _aHISTORY
700 _a Harrer Heinrich
_995401
942 _hV498, K0
_cTEXL
_2CC
999 _c234450
_d234450